Welcome to CU Library Online Public Access Catalogue (OPAC)

Consumer behavior / (Record no. 5729)

MARC details
000 -LEADER
fixed length control field 00689cam a22002174a 4500
001 - CONTROL NUMBER
control field 14134403
005 - DATE AND TIME OF LATEST TRANSACTION
control field 20250512150218.0
008 - FIXED-LENGTH DATA ELEMENTS--GENERAL INFORMATION
fixed length control field 051006s2007 njua b 001 0 eng
020 ## - INTERNATIONAL STANDARD BOOK NUMBER
International Standard Book Number 0131869604 (alk. paper)
050 00 - LIBRARY OF CONGRESS CALL NUMBER
Classification number HF5415.32
Item number .S35 2007
082 00 - DEWEY DECIMAL CLASSIFICATION NUMBER
Classification number 658.8/342
Edition information 22
100 1# - MAIN ENTRY--PERSONAL NAME
Personal name Schiffman, Leon G.
245 10 - TITLE STATEMENT
Title Consumer behavior /
Statement of responsibility, etc. Leon G. Schiffman, Leslie Lazar Kanuk.
250 ## - EDITION STATEMENT
Edition statement 9th ed.
260 ## - PUBLICATION, DISTRIBUTION, ETC.
Place of publication, distribution, etc. Upper Saddle River, N.J. :
Name of publisher, distributor, etc. Pearson Prentice Hall,
Date of publication, distribution, etc. c2007.
300 ## - PHYSICAL DESCRIPTION
Extent xix, 561, C-38, G-11, I-22 p. :
Other physical details col. ill. ;
Dimensions 27 cm.
650 #0 - SUBJECT ADDED ENTRY--TOPICAL TERM
Topical term or geographic name entry element Consumer behavior.
650 #0 - SUBJECT ADDED ENTRY--TOPICAL TERM
Topical term or geographic name entry element Motivation research (Marketing)
700 1# - ADDED ENTRY--PERSONAL NAME
Personal name Kanuk, Leslie Lazar.
942 ## - ADDED ENTRY ELEMENTS (KOHA)
Source of classification or shelving scheme Library of Congress Classification
Koha item type Books
Suppress in OPAC No
999 ## -
-- 5729
-- 5729

No items available.

© 2023-2024 Copyright: Central University Libraries. All Rights Reserved | Created by: Mahone Tech Office